[Event "Valasska Bystrice op"]
[Site "Valasska Bystrice"]
[Date "2023.09.16"]
[Round "9"]
[White "Cohen, Israel"]
[Black "Sysr, Pavel"]
[Result "1/2-1/2"]
[WhiteElo "1318"]
[BlackElo "1591"]
[PlyCount "66"]
[EventDate "2023.09.09"]
[EventType "swiss"]
[EventRounds "9"]
[EventCountry "CZE"]
[SourceTitle "EXT 2024"]
[Source "ChessBase"]
[SourceDate "2023.10.10"]
[SourceVersion "1"]
[SourceVersionDate "2023.10.10"]
[SourceQuality "1"]

1. d4 d5 2. c4 c6 3. cxd5 cxd5 4. Nc3 Nf6 5. Bf4 a6 6. e3 e6 7. Bd3 Bd6 8. Bxd6 Qxd6 9. f4 Nc6 10. Nf3 b5 11. Ne5 Bb7 12. g4 Qe7 13. g5 Nd7 14. Qh5 Ncxe5 15. fxe5 0-0-0 16. Ke2 f6 17. Rac1 Kb8 18. gxf6 gxf6 19. exf6 Nxf6 20. Qe5+ Ka8 21. Bf5 Rde8 22. Bh3 Rhg8 23. Rcf1 Ng4 24. Bxg4 Rxg4 25. Rf2 Reg8 26. Rhf1 Rg2 27. Kd3 Qe8 28. Qd6 Rxf2 29. Rxf2 Qg6+ 30. Kd2 Rc8 31. Rf8 Rxf8 32. Qxf8+ Ka7 33. Qc5+ Ka8 1/2-1/2

[Event "Valasska Bystrice op"]
[Site "Valasska Bystrice"]
[Date "2023.09.13"]
[Round "6"]
[White "Miklas, Marian"]
[Black "Sysr, Pavel"]
[Result "1/2-1/2"]
[WhiteElo "1959"]
[BlackElo "1591"]
[PlyCount "63"]
[EventDate "2023.09.09"]
[EventType "swiss"]
[EventRounds "9"]
[EventCountry "CZE"]
[SourceTitle "EXT 2024"]
[Source "ChessBase"]
[SourceDate "2023.10.10"]
[SourceVersion "1"]
[SourceVersionDate "2023.10.10"]
[SourceQuality "1"]

1. Nf3 Nf6 2. c4 e6 3. g3 d5 4. Bg2 c6 5. 0-0 Be7 6. d4 0-0 7. Qc2 Nbd7 8. b3 Qc7 9. Bb2 dxc4 10. bxc4 c5 11. e3 cxd4 12. exd4 b6 13. Nbd2 Bb7 14. Rac1 Rac8 15. Rfd1 Rfd8 16. h4 h6 17. Qb3 Qb8 18. Qe3 Ng4 19. Qe2 Ngf6 20. d5 Nc5 21. Nd4 Re8 22. dxe6 Nxe6 23. Bxb7 Qxb7 24. Nxe6 Bd6 25. Nc5 Bxc5 26. Qf3 Qxf3 27. Nxf3 Ne4 28. Bd4 Red8 29. Bxc5 Rxd1+ 30. Rxd1 Rxc5 31. Rd8+ Kh7 32. Nd2 1/2-1/2

[Event "Valasska Bystrice op"]
[Site "Valasska Bystrice"]
[Date "2023.09.10"]
[Round "2"]
[White "Mattivi, Jaroslav"]
[Black "Sysr, Pavel"]
[Result "0-1"]
[WhiteElo "1104"]
[BlackElo "1591"]
[PlyCount "58"]
[EventDate "2023.09.09"]
[EventType "swiss"]
[EventRounds "9"]
[EventCountry "CZE"]
[SourceTitle "EXT 2024"]
[Source "ChessBase"]
[SourceDate "2023.10.10"]
[SourceVersion "1"]
[SourceVersionDate "2023.10.10"]
[SourceQuality "1"]

1. d4 d5 2. c4 c6 3. Nc3 Nf6 4. e3 e6 5. Qc2 Be7 6. c5 a5 7. Bd3 0-0 8. Nge2 Nbd7 9. 0-0 b6 10. b3 bxc5 11. Ba3 cxd4 12. Bxe7 Qxe7 13. exd4 Bb7 14. Rfb1 Rfc8 15. Qb2 c5 16. Na4 cxd4 17. Bb5 d3 18. Bxd3 Bc6 19. Rc1 Bxa4 20. Rxc8+ Rxc8 21. bxa4 Rb8 22. Qc3 Qc5 23. Qxc5 Nxc5 24. Bb5 Kf8 25. f3 Ke7 26. Rb1 Nxa4 27. Nd4 Kd6 28. Bd3 Rxb1+ 29. Bxb1 Nc3 0-1

[Event "Pardubice Region-chT 2223"]
[Site "Czech Republic"]
[Date "2023.03.19"]
[Round "10.7"]
[White "Kralova, Gabriela"]
[Black "Sysr, Pavel"]
[Result "1-0"]
[WhiteElo "1766"]
[BlackElo "1600"]
[PlyCount "121"]
[EventDate "2022.10.09"]
[EventType "team-tourn"]
[EventRounds "11"]
[EventCountry "CZE"]
[SourceTitle "EXT 2024"]
[Source "ChessBase"]
[SourceDate "2023.10.10"]
[SourceVersion "1"]
[SourceVersionDate "2023.10.10"]
[SourceQuality "1"]

1. d4 d5 2. c4 c6 3. Nc3 Nf6 4. Nf3 dxc4 5. a4 Bf5 6. e3 e6 7. Bxc4 Bd6 8. 0-0 0-0 9. b3 Nbd7 10. Bb2 Qc7 11. Rc1 Rfe8 12. Bd3 Bxd3 13. Qxd3 a6 14. e4 Bf4 15. Rc2 Rad8 16. Ne2 Ne5 17. Nxe5 Bxe5 18. f4 Bd6 19. e5 Nd5 20. exd6 Qxd6 21. Qg3 Qb4 22. Bc1 Qb6 23. Kh1 Nb4 24. Rd2 Qa5 25. Nc3 Rd7 26. Ne4 Qf5 27. Nc5 Rc7 28. Ba3 Nd5 29. Nd3 b5 30. a5 Nc3 31. Bc1 Ne4 32. Qf3 Nxd2 33. Bxd2 Qd5 34. Qxd5 cxd5 35. Nc5 Rc6 36. b4 Re7 37. g4 g6 38. Kg2 Kg7 39. Be1 Rec7 40. Bg3 Re7 41. Re1 Kf8 42. Bh4 Rec7 43. Bf6 Kg8 44. Kf3 h6 45. h4 Ra7 46. h5 Kh7 47. hxg6+ Kxg6 48. g5 Rc8 49. Rh1 h5 50. Ke3 Re8 51. Nd3 Rc8 52. f5+ Kxf5 53. Rf1+ Kg4 54. Rf4+ Kg3 55. Rf3+ Kg2 56. Rf2+ Kg1 57. Nc5 h4 58. Kf3 h3 59. Rd2 Raa8 60. Rd1+ Kh2 61. Be5# 1-0

[Event "Pardubice Region-chT 2223"]
[Site "Czech Republic"]
[Date "2023.02.12"]
[Round "8.7"]
[White "Nemec, Bohumil"]
[Black "Sysr, Pavel"]
[Result "1/2-1/2"]
[WhiteElo "1762"]
[BlackElo "1600"]
[PlyCount "56"]
[EventDate "2022.10.09"]
[EventType "team-tourn"]
[EventRounds "11"]
[EventCountry "CZE"]
[SourceTitle "EXT 2024"]
[Source "ChessBase"]
[SourceDate "2023.10.10"]
[SourceVersion "1"]
[SourceVersionDate "2023.10.10"]
[SourceQuality "1"]

1. d4 d5 2. Nf3 Nf6 3. Bf4 c6 4. c3 Bf5 5. e3 e6 6. Be2 Bd6 7. Ne5 0-0 8. 0-0 Qc7 9. Bg3 Ne4 10. f4 Nd7 11. Nd2 Ndf6 12. Be1 h6 13. Ndf3 Qb6 14. Qb3 c5 15. h3 c4 16. Qxb6 axb6 17. g4 Bh7 18. Bh4 b5 19. g5 hxg5 20. fxg5 Nh5 21. Kg2 Bf5 22. Nd7 Rfe8 23. Nfe5 g6 24. Bxh5 gxh5 25. Nf6+ Nxf6 26. gxf6 Bxe5 27. dxe5 Kh7 28. Bg5 Rg8 1/2-1/2

[Event "Pardubice Region-chT 2223"]
[Site "Czech Republic"]
[Date "2022.10.30"]
[Round "2.8"]
[White "Sysr, Pavel"]
[Black "Kuzmin, Sergej"]
[Result "0-1"]
[WhiteElo "1600"]
[BlackElo "1958"]
[PlyCount "122"]
[EventDate "2022.10.09"]
[EventType "team-tourn"]
[EventRounds "11"]
[EventCountry "CZE"]
[SourceTitle "EXT 2024"]
[Source "ChessBase"]
[SourceDate "2023.10.10"]
[SourceVersion "1"]
[SourceVersionDate "2023.10.10"]
[SourceQuality "1"]

1. d4 Nf6 2. e3 e6 3. Nf3 b6 4. Be2 Bb7 5. 0-0 c5 6. c4 Be7 7. Nc3 d6 8. b3 Nbd7 9. d5 e5 10. e4 0-0 11. Qc2 Re8 12. h3 Nf8 13. Nh2 Ng6 14. Bg5 Nd7 15. Be3 a6 16. Bd3 Bg5 17. Qd2 h6 18. Ne2 Bc8 19. f4 exf4 20. Nxf4 Bxf4 21. Bxf4 Nxf4 22. Qxf4 Ne5 23. Bc2 Ra7 24. Rae1 Qg5 25. Qxg5 hxg5 26. Nf3 Nxf3+ 27. Rxf3 Rae7 28. g4 Bd7 29. Ref1 f6 30. Kg2 Ra8 31. Kg3 b5 32. Rh1 Be8 33. Re1 b4 34. Rfe3 a5 35. Kf3 a4 36. R1e2 axb3 37. axb3 Rea7 38. Bd1 Ra1 39. Rd2 R8a3 40. Red3 Bd7 41. Ke3 Kf7 42. Kf3 g6 43. Re3 Ra8 44. Ree2 R1a3 45. Re3 Re8 46. Rde2 Ra1 47. Rd2 f5 48. exf5 Rxe3+ 49. Kxe3 gxf5 50. gxf5 Bxf5 51. Bg4 Kg6 52. Bxf5+ Kxf5 53. Kf3 Rh1 54. Kg2 Rb1 55. Rd3 Ke4 56. Rg3 Rb2+ 57. Kf1 Kf4 58. Rd3 Rc2 59. Ke1 Rc3 60. Ke2 Rxd3 61. Kxd3 Kf3 0-1

[Event "Valasska Bystrice op 13th"]
[Site "Valasska Bystrice"]
[Date "2022.09.16"]
[Round "8"]
[White "Zitek, Jiri"]
[Black "Sysr, Pavel"]
[Result "0-1"]
[WhiteElo "1609"]
[BlackElo "1598"]
[PlyCount "72"]
[EventDate "2022.09.10"]
[EventType "swiss"]
[EventRounds "9"]
[EventCountry "CZE"]
[SourceTitle "CBM 210 Extra"]
[Source "ChessBase"]
[SourceDate "2022.11.30"]
[SourceVersion "1"]
[SourceVersionDate "2022.11.30"]
[SourceQuality "1"]

1. e4 e6 2. Qe2 Be7 3. g3 d5 4. exd5 exd5 5. Bg2 Nf6 6. Nf3 0-0 7. 0-0 Re8 8. d4 c6 9. c4 dxc4 10. Qxc4 Be6 11. Qc2 h6 12. Nc3 Na6 13. b3 Nb4 14. Qd1 Bf5 15. Be3 Qa5 16. Ne5 Rad8 17. Nc4 Qc7 18. Bf4 Qc8 19. Be5 Ng4 20. a3 Nxe5 21. Nxe5 Nc2 22. g4 Bh7 23. Be4 Bxe4 24. Nxe4 Nxa1 25. Qxa1 f6 26. g5 fxe5 27. gxh6 Qg4+ 28. Ng3 Bf6 29. b4 gxh6 30. Qb1 exd4 31. h3 Qg7 32. Kh1 d3 33. Rg1 Kh8 34. Nh5 Qf7 35. Nf4 Rg8 36. Rd1 Qc4 0-1

[Event "Valasska Bystrice op 13th"]
[Site "Valasska Bystrice"]
[Date "2022.09.15"]
[Round "7"]
[White "Sysr, Pavel"]
[Black "Smutek, Jiri"]
[Result "1/2-1/2"]
[WhiteElo "1598"]
[BlackElo "1611"]
[PlyCount "63"]
[EventDate "2022.09.10"]
[EventType "swiss"]
[EventRounds "9"]
[EventCountry "CZE"]
[SourceTitle "CBM 210 Extra"]
[Source "ChessBase"]
[SourceDate "2022.11.30"]
[SourceVersion "1"]
[SourceVersionDate "2022.11.30"]
[SourceQuality "1"]

1. d4 Nf6 2. c4 e5 3. dxe5 Ng4 4. e6 fxe6 5. e4 Ne5 6. Nf3 Nxf3+ 7. Qxf3 Be7 8. Qh5+ g6 9. Qh6 Bf8 10. Qh3 Bg7 11. Be2 Nc6 12. 0-0 Nd4 13. Nc3 d6 14. Bg4 h5 15. Bd1 e5 16. Qg3 Qf6 17. Nd5 Qf7 18. Bg5 c6 19. Ne3 Bf6 20. Bxf6 Qxf6 21. f4 h4 22. fxe5 hxg3 23. exf6 gxh2+ 24. Kh1 Be6 25. b3 0-0-0 26. Ng4 Rdf8 27. Rf2 Rh4 28. Nxh2 Rxe4 29. g3 Bf5 30. Bf3 Nxf3 31. Rxf3 Re6 32. Kg1 1/2-1/2

[Event "Valasska Bystrice op 13th"]
[Site "Valasska Bystrice"]
[Date "2022.09.14"]
[Round "6"]
[White "Jindrasek, Mojmir"]
[Black "Sysr, Pavel"]
[Result "1/2-1/2"]
[WhiteElo "1778"]
[BlackElo "1598"]
[PlyCount "25"]
[EventDate "2022.09.10"]
[EventType "swiss"]
[EventRounds "9"]
[EventCountry "CZE"]
[SourceTitle "CBM 210 Extra"]
[Source "ChessBase"]
[SourceDate "2022.11.30"]
[SourceVersion "1"]
[SourceVersionDate "2022.11.30"]
[SourceQuality "1"]

1. e4 e6 2. d4 d5 3. Nd2 c5 4. exd5 Qxd5 5. dxc5 Bxc5 6. Qf3 Nf6 7. Qxd5 Nxd5 8. c3 Nd7 9. Ne4 Be7 10. Nf3 b6 11. Bb5 0-0 12. Bc6 Rb8 13. 0-0 1/2-1/2

[Event "Valasska Bystrice op 13th"]
[Site "Valasska Bystrice"]
[Date "2022.09.13"]
[Round "5"]
[White "Sysr, Pavel"]
[Black "Martikanova, Amalie"]
[Result "1-0"]
[WhiteElo "1598"]
[BlackElo "1186"]
[PlyCount "113"]
[EventDate "2022.09.10"]
[EventType "swiss"]
[EventRounds "9"]
[EventCountry "CZE"]
[SourceTitle "CBM 210 Extra"]
[Source "ChessBase"]
[SourceDate "2022.11.30"]
[SourceVersion "1"]
[SourceVersionDate "2022.11.30"]
[SourceQuality "1"]

1. d4 Nf6 2. c4 e6 3. Nf3 b6 4. e3 Bb7 5. Be2 Be7 6. 0-0 0-0 7. Nc3 d5 8. b3 Nbd7 9. Bb2 c5 10. cxd5 exd5 11. Rc1 Bd6 12. h3 Ne4 13. dxc5 Nxc3 14. Bxc3 Nxc5 15. Nd4 Bb8 16. Bb5 Qd6 17. f4 Qg6 18. Qg4 Qxg4 19. hxg4 a6 20. Bc6 Bxc6 21. Nxc6 Ne4 22. Ne7+ Kh8 23. Nxd5 Rd8 24. Nxb6 Ra7 25. Bd4 Ng3 26. Rf2 Ne4 27. Rfc2 Re8 28. Rc8 Nd6 29. Rxe8+ Nxe8 30. Rc8 Re7 31. Rxb8 h6 32. Nd5 Re4 33. Kf2 Kh7 34. Kf3 Nd6 35. Rb6 Re6 36. f5 Nxf5 37. gxf5 Rxb6 38. Bxb6 g6 39. g4 gxf5 40. gxf5 h5 41. Nc7 Kh6 42. Nxa6 Kg5 43. e4 Kh4 44. Bc7 Kh3 45. Nb4 h4 46. a4 f6 47. Ke3 Kg2 48. a5 h3 49. a6 h2 50. Bxh2 Kxh2 51. a7 Kg2 52. a8Q Kg1 53. Nd3 Kg2 54. e5+ Kg3 55. Qg8+ Kh3 56. Kf3 Kh2 57. Qg2# 1-0

[Event "EUR-ch Seniors 50"]
[Site "Prague"]
[Date "2021.09.03"]
[Round "5.4"]
[White "Sysr, Pavel"]
[Black "Kozak, Karel"]
[Result "0-1"]
[WhiteElo "1563"]
[BlackElo "1859"]
[PlyCount "74"]
[EventDate "2021.08.30"]
[EventType "team-tourn"]
[EventRounds "9"]
[EventCountry "CZE"]
[SourceTitle "CBM 204 Extra"]
[Source "ChessBase"]
[SourceDate "2021.11.30"]
[SourceVersion "1"]
[SourceVersionDate "2021.11.30"]
[SourceQuality "1"]
[WhiteTeam "Boskovice Makkabi 50"]
[BlackTeam "Udlice Sokol 50"]
[WhiteTeamCountry "CZE"]
[BlackTeamCountry "CZE"]

1. d4 Nf6 2. c4 e6 3. Nf3 b6 4. e3 Bb7 5. Be2 Be7 6. 0-0 0-0 7. Nc3 d5 8. b3 Nbd7 9. cxd5 Nxd5 10. Bb2 N7f6 11. Nxd5 Qxd5 12. Qc2 Rac8 13. Qc4 Ne4 14. Qxd5 Bxd5 15. Rac1 c5 16. Ba6 Rc7 17. Ba3 Rd8 18. Ne5 Bd6 19. Nc4 Bxc4 20. Bxc4 cxd4 21. Bxd6 Nxd6 22. exd4 Nxc4 23. Rfd1 b5 24. bxc4 Rxc4 25. Rxc4 bxc4 26. Kf1 Kf8 27. Ke2 Ke7 28. Ke3 Rb8 29. Rc1 Rb4 30. Rc2 Kd6 31. Kd2 Kd5 32. Kc3 a5 33. f3 f6 34. g3 Rb1 35. Rd2 g5 36. f4 gxf4 37. gxf4 Rf1 0-1

[Event "EUR-ch Seniors 50"]
[Site "Prague"]
[Date "2021.09.01"]
[Round "3.4"]
[White "Priehoda, Vitezslav"]
[Black "Sysr, Pavel"]
[Result "1-0"]
[WhiteElo "2269"]
[BlackElo "1563"]
[PlyCount "57"]
[EventDate "2021.08.30"]
[EventType "team-tourn"]
[EventRounds "9"]
[EventCountry "CZE"]
[SourceTitle "CBM 204 Extra"]
[Source "ChessBase"]
[SourceDate "2021.11.30"]
[SourceVersion "1"]
[SourceVersionDate "2021.11.30"]
[SourceQuality "1"]
[WhiteTeam "1960 69 50"]
[BlackTeam "Boskovice Makkabi 50"]
[WhiteTeamCountry "CZE"]
[BlackTeamCountry "CZE"]

1. c4 Nf6 2. Nc3 e6 3. e4 e5 4. Nf3 d6 5. d4 exd4 6. Nxd4 c5 7. Nc2 Nc6 8. Be2 Be7 9. 0-0 0-0 10. Bf4 Ne5 11. Qd2 Be6 12. b3 a6 13. Rad1 Qc7 14. Bg3 Rad8 15. f4 Nc6 16. Bf3 Bg4 17. Bxg4 Nxg4 18. h3 Nf6 19. Ne3 Nd4 20. Bf2 Rfe8 21. Ned5 Qb8 22. Bxd4 cxd4 23. Nxe7+ Rxe7 24. Qxd4 Rde8 25. Rfe1 b5 26. Qxd6 Qa7+ 27. Qd4 Qxd4+ 28. Rxd4 b4 29. Nd5 1-0